000 00399nam a2200145Ia 4500
008 211109s9999||||xx |||||||||||||| ||und||
082 _a894.8124
_bKUM-A
100 _aKumaranasan,
245 0 _aAsan Kavitha
260 _bNational Book Stall
_aKottayam
_c1967
300 _a138p
630 _xGeneral Stack
650 _aLiterature
_vmalayalam literatureMalayalam Essays
_xMalayalam
942 _cBOOK
999 _c30039
_d30039